Accounting Information Systems (Record no. 2696)

MARC details
005 - DATE AND TIME OF LATEST TRANSACTION
control field 20250527073745.0
020 ## - INTERNATIONAL STANDARD BOOK NUMBER
International Standard Book Number 978-0-13-500937-6
082 ## - DEWEY DECIMAL CLASSIFICATION NUMBER
Classification number LECT 657.028 ROM
100 ## - MAIN ENTRY--PERSONAL NAME
Author name ROMNEY, M. B.
245 ## - TITLE STATEMENT
Title Accounting Information Systems
250 ## - EDITION STATEMENT
Edition statement 11th Ed.
260 ## - PUBLICATION, DISTRIBUTION, ETC.
Place of publication, distribution, etc. New Jersey,
Name of publisher, distributor, etc. Pearson Education International,
Date of publication, distribution, etc. 2009.
300 ## - PHYSICAL DESCRIPTION
Extent 831p.: ill.; figure, graph, table.
Other physical details Glossary & index.
Dimensions 28cm.
700 ## - ADDED ENTRY--PERSONAL NAME
Other authors/Editors STEINBART, P. J.
942 ## - ADDED ENTRY ELEMENTS (KOHA)
Source of classification or shelving scheme Dewey Decimal Classification
Koha item type Books
Holdings
Date last seen Total checkouts Full call number Barcode Cost, replacement price Price effective from Koha item type Lost status Source of classification or shelving scheme Damaged status Not for loan Withdrawn status Home library Current library Shelving location Date acquired Cost, normal purchase price
05/27/2025   LECT 657.028 ROM 00000010161 150000.00 05/27/2025 Books   Dewey Decimal Classification       College of Business Education Main Library College of Business Education Main Library General Collection 11/28/2014 50000.00
05/27/2025   LECT 657.028 ROM 00000010162 150000.00 05/27/2025 Books   Dewey Decimal Classification       College of Business Education Main Library College of Business Education Main Library General Collection 11/28/2014 50000.00